| 000 | 00642nam a22002297a 4500 | ||
|---|---|---|---|
| 003 | OSt | ||
| 005 | 20220107122723.0 | ||
| 008 | 130828b xxu||||| |||| 00| 0 eng d | ||
| 020 | _a9788131727256 | ||
| 040 | _cIIITM-K | ||
| 082 | _a005.82 PFL/S | ||
| 100 |
_aPfleeger, Charles P _92286 |
||
| 245 |
_aSecurity in computing _cby Charles P Pfleeger, Shari Lawrence Pfleeger |
||
| 250 | _a4th edition. | ||
| 260 |
_aUSA, _bPearson, _c2009. |
||
| 300 | _axxxvii, 868p. | ||
| 650 |
_aCOMPUTER SCIENCE _92287 |
||
| 650 |
_aSYSTEM SECURITY _92288 |
||
| 650 |
_aCRYPTOGRAPHY _92289 |
||
| 700 |
_aPfleger, Shari Lawrence _92290 |
||
| 942 |
_2ddc _cBK |
||
| 999 |
_c3353 _d3353 |
||